[Event "Bundesliga 9596"]
[Site "Deutschland"]
[Date "1995.??.??"]
[Round "?.1"]
[White "Rogers, Ian"]
[Black "Pfleger, Helmut"]
[Result "1-0"]
[WhiteElo "2600"]
[BlackElo "2490"]
[PlyCount "49"]
[EventDate "1995.10.??"]
[EventType "team"]
[EventRounds "15"]
[EventCountry "GER"]
[SourceTitle "Bundesliga 9596"]
[Source "DeepChess"]
[SourceDate "2005.01.01"]
[SourceVersion "1"]
[SourceVersionDate "2005.01.01"]
[SourceQuality "1"]
[WhiteTeam "Delmenhorster SK 1931"]
[BlackTeam "SC 1868 Bamberg e.V."]
[WhiteTeamCountry "GER"]
[BlackTeamCountry "GER"]

1. e4 d6 2. d4 Nf6 3. Nc3 g6 4. Nf3 Bg7 5. Be2 O-O 6. O-O c6 7. Bf4 Nbd7 8. Qd2
Qc7 9. e5 dxe5 10. Nxe5 Nxe5 11. dxe5 Nd5 12. Nxd5 cxd5 13. e6 Qc5 14. exf7+
Rxf7 15. c3 e5 16. Be3 d4 17. cxd4 exd4 18. Bh6 Be6 19. Bxg7 Kxg7 20. Bd3 Rd8
21. Rac1 Qd6 22. a3 Bf5 23. Rfd1 Bxd3 24. Qxd3 Rc7 25. Qxd4+ 1-0

[Event "Bundesliga 9596"]
[Site "Deutschland"]
[Date "1995.??.??"]
[Round "?.2"]
[White "Pribyl, Martin"]
[Black "Stohl, Igor"]
[Result "0-1"]
[WhiteElo "2390"]
[BlackElo "2525"]
[PlyCount "90"]
[EventDate "1995.10.??"]
[EventType "team"]
[EventRounds "15"]
[EventCountry "GER"]
[SourceTitle "Bundesliga 9596"]
[Source "DeepChess"]
[SourceDate "2005.01.01"]
[SourceVersion "1"]
[SourceVersionDate "2005.01.01"]
[SourceQuality "1"]
[WhiteTeam "SC 1868 Bamberg e.V."]
[BlackTeam "Delmenhorster SK 1931"]
[WhiteTeamCountry "GER"]
[BlackTeamCountry "GER"]

1. d4 Nf6 2. c4 e6 3. Nc3 Bb4 4. Qc2 O-O 5. a3 Bxc3+ 6. Qxc3 b6 7. Bg5 Bb7 8.
f3 h6 9. Bh4 d5 10. e3 Nbd7 11. cxd5 Nxd5 12. Bxd8 Nxc3 13. Bh4 Nd5 14. Bf2 f5
15. Bb5 c6 16. Bc4 c5 17. Ne2 Rac8 18. Bb5 Bc6 19. Bxc6 Rxc6 20. dxc5 bxc5 21.
O-O-O Ne5 22. Nf4 c4 23. Kc2 Nd3 24. Nxd3 cxd3+ 25. Kb1 Rc2 26. Bg3 Rxg2 27.
Rxd3 g5 28. Be5 Re2 29. h4 g4 30. fxg4 fxg4 31. Rd4 Nxe3 32. Re4 Rf3 33. Rc1
Rd2 34. Rc7 Rd5 35. Rg7+ Kf8 36. Rxa7 Ke8 37. Rb4 g3 38. Rb8+ Rd8 39. Rbb7 g2
40. Re7+ Kf8 41. Bh2 Rd1+ 42. Ka2 Nc2 43. b4 Nxb4+ 44. Kb2 Rd2+ 45. Kc1 Rc2+
0-1

[Event "Bundesliga 9596"]
[Site "Deutschland"]
[Date "1995.??.??"]
[Round "?.3"]
[White "Hermann, Manfred"]
[Black "Pribyl, Josef"]
[Result "1/2-1/2"]
[WhiteElo "2385"]
[BlackElo "2405"]
[PlyCount "111"]
[EventDate "1995.10.??"]
[EventType "team"]
[EventRounds "15"]
[EventCountry "GER"]
[SourceTitle "Bundesliga 9596"]
[Source "DeepChess"]
[SourceDate "2005.01.01"]
[SourceVersion "1"]
[SourceVersionDate "2005.01.01"]
[SourceQuality "1"]
[WhiteTeam "Delmenhorster SK 1931"]
[BlackTeam "SC 1868 Bamberg e.V."]
[WhiteTeamCountry "GER"]
[BlackTeamCountry "GER"]

1. d4 Nf6 2. c4 g6 3. Nc3 d5 4. Nf3 Bg7 5. Bg5 Ne4 6. cxd5 Nxg5 7. Nxg5 e6 8.
Qd2 h6 9. Nf3 exd5 10. e3 Be6 11. Bd3 Nc6 12. Rc1 O-O 13. Na4 a5 14. a3 Bg4 15.
Be2 Qd6 16. Qc3 Rfe8 17. Nc5 Nd8 18. Nd3 Ne6 19. Nfe5 Bxe2 20. Kxe2 a4 21. Rhd1
Qa6 22. f4 Rac8 23. Kf2 Qb5 24. Qb4 Qxb4 25. Nxb4 Red8 26. Nbd3 Bf8 27. Rc2 c6
28. Rdc1 Ra8 29. Kf3 Ra5 30. Kf2 Rb5 31. Ke2 Kg7 32. Kf2 Bd6 33. g4 g5 34. f5
Nc7 35. Ke2 Ne8 36. Rh1 Nf6 37. h4 Ne4 38. Kf3 f6 39. Ng6 Rb3 40. Nc1 Rb5 41.
hxg5 Nxg5+ 42. Ke2 Re8 43. Nd3 Rb3 44. Rg1 Re4 45. Rd2 b6 46. Rc1 c5 47. dxc5
bxc5 48. Nxc5 Rbxe3+ 49. Kf1 Rxg4 50. Nb7 Nh3 51. Rg2 Bg3 52. Rxg3 Rgxg3 53.
Rc7+ Kg8 54. Rc8+ Kh7 55. Rc7+ Kg8 56. Rc8+ 1/2-1/2

[Event "Bundesliga 9596"]
[Site "Deutschland"]
[Date "1995.??.??"]
[Round "?.4"]
[White "Kurz, Alexander"]
[Black "Reefschlaeger, Helmut"]
[Result "0-1"]
[WhiteElo "2350"]
[BlackElo "2370"]
[PlyCount "70"]
[EventDate "1995.10.??"]
[EventType "team"]
[EventRounds "15"]
[EventCountry "GER"]
[SourceTitle "Bundesliga 9596"]
[Source "DeepChess"]
[SourceDate "2005.01.01"]
[SourceVersion "1"]
[SourceVersionDate "2005.01.01"]
[SourceQuality "1"]
[WhiteTeam "SC 1868 Bamberg e.V."]
[BlackTeam "Delmenhorster SK 1931"]
[WhiteTeamCountry "GER"]
[BlackTeamCountry "GER"]

1. e4 e6 2. d4 d5 3. Nc3 Nf6 4. Bg5 Bb4 5. e5 h6 6. Bd2 Bxc3 7. bxc3 Ne4 8. Qg4
Kf8 9. Nf3 c5 10. Bd3 Nxd2 11. Kxd2 Nc6 12. Rab1 c4 13. Be2 Rb8 14. h4 b5 15.
Qf4 Qe7 16. Rh3 b4 17. Ke1 Bd7 18. Nh2 a5 19. Bh5 Be8 20. Ng4 a4 21. cxb4 Nxb4
22. Qc1 Nxa2 23. Qd1 Rxb1 24. Qxb1 Qb4+ 25. Qxb4+ Nxb4 26. Ne3 c3 27. Rh1 g6
28. Be2 Nc6 29. Nd1 Nxd4 30. Bd3 Nc6 31. f4 d4 32. Ke2 Nb4 33. Nf2 Bc6 34. Rb1
a3 35. Ra1 a2 0-1

[Event "Bundesliga 9596"]
[Site "Deutschland"]
[Date "1995.??.??"]
[Round "?.5"]
[White "Borik, Otto"]
[Black "Huemmer, Bernd"]
[Result "1-0"]
[WhiteElo "2400"]
[BlackElo "2280"]
[PlyCount "79"]
[EventDate "1995.10.??"]
[EventType "team"]
[EventRounds "15"]
[EventCountry "GER"]
[SourceTitle "Bundesliga 9596"]
[Source "DeepChess"]
[SourceDate "2005.01.01"]
[SourceVersion "1"]
[SourceVersionDate "2005.01.01"]
[SourceQuality "1"]
[WhiteTeam "Delmenhorster SK 1931"]
[BlackTeam "SC 1868 Bamberg e.V."]
[WhiteTeamCountry "GER"]
[BlackTeamCountry "GER"]

1. d4 g6 2. c4 f5 3. Nc3 Nf6 4. g3 Bg7 5. Bg2 O-O 6. Nf3 c6 7. O-O d6 8. Qc2
Qc7 9. b3 Qa5 10. Bd2 Qc7 11. Rfe1 e5 12. dxe5 dxe5 13. Rad1 f4 14. Qc1 Nh5 15.
Ne4 Bf5 16. Nh4 Bxe4 17. Bxe4 Nd7 18. Bf3 g5 19. Bxh5 gxh4 20. gxf4 Nf6 21. Bf3
e4 22. Bg2 Qc8 23. h3 Qf5 24. Bc3 Rae8 25. e3 Rf7 26. Kh2 Nd7 27. Rg1 Nc5 28.
Bf1 Ne6 29. Be2 h5 30. Bxg7 Rxg7 31. Rd7 Rxg1 32. Qxg1+ Kh8 33. Qa1+ Kg8 34.
Qd1 Rf8 35. Bxh5 Ng7 36. Bg4 Qf6 37. Qd4 Qg6 38. Rxb7 Ne8 39. Qc5 Nf6 40. Be6+
1-0

[Event "Bundesliga 9596"]
[Site "Deutschland"]
[Date "1995.??.??"]
[Round "?.6"]
[White "Loew, Gerald"]
[Black "Breutigam, Martin"]
[Result "0-1"]
[WhiteElo "2285"]
[BlackElo "2340"]
[PlyCount "60"]
[EventDate "1995.10.??"]
[EventType "team"]
[EventRounds "15"]
[EventCountry "GER"]
[SourceTitle "Bundesliga 9596"]
[Source "DeepChess"]
[SourceDate "2005.01.01"]
[SourceVersion "1"]
[SourceVersionDate "2005.01.01"]
[SourceQuality "1"]
[WhiteTeam "SC 1868 Bamberg e.V."]
[BlackTeam "Delmenhorster SK 1931"]
[WhiteTeamCountry "GER"]
[BlackTeamCountry "GER"]

1. e4 g6 2. d4 Bg7 3. Nc3 c6 4. Bc4 d6 5. Qf3 e6 6. Nge2 b5 7. Bb3 a5 8. a3 Ba6
9. d5 exd5 10. exd5 c5 11. O-O Nf6 12. Bg5 h6 13. Bh4 g5 14. Bg3 O-O 15. a4 b4
16. Nb5 Ne8 17. c3 f5 18. h4 f4 19. Bh2 Nd7 20. hxg5 hxg5 21. Qh5 Qf6 22. Qh3
Ne5 23. Qe6+ Kh8 24. Qxf6 Rxf6 25. Rfd1 Rb8 26. c4 Rb7 27. Nc1 Rh6 28. f3 Bf6
29. Bc2 Nxc4 30. Re1 Ne3 0-1

[Event "Bundesliga 9596"]
[Site "Deutschland"]
[Date "1995.??.??"]
[Round "?.7"]
[White "Schlemermeyer, Wilhelm"]
[Black "Kestler, Hans Guenther"]
[Result "1/2-1/2"]
[WhiteElo "2345"]
[BlackElo "2345"]
[PlyCount "34"]
[EventDate "1995.10.??"]
[EventType "team"]
[EventRounds "15"]
[EventCountry "GER"]
[SourceTitle "Bundesliga 9596"]
[Source "DeepChess"]
[SourceDate "2005.01.01"]
[SourceVersion "1"]
[SourceVersionDate "2005.01.01"]
[SourceQuality "1"]
[WhiteTeam "Delmenhorster SK 1931"]
[BlackTeam "SC 1868 Bamberg e.V."]
[WhiteTeamCountry "GER"]
[BlackTeamCountry "GER"]

1. d4 Nf6 2. Nf3 g6 3. c4 Bg7 4. g3 O-O 5. Bg2 d6 6. Nc3 Nc6 7. O-O Bg4 8. d5
Na5 9. Nd2 c5 10. h3 Bd7 11. Qc2 a6 12. b3 b5 13. Bb2 Rb8 14. Rab1 e6 15. Kh2
exd5 16. cxd5 b4 17. Nd1 Rc8 1/2-1/2

[Event "Bundesliga 9596"]
[Site "Deutschland"]
[Date "1995.??.??"]
[Round "?.8"]
[White "Krug, Stefan"]
[Black "Wesseln, Kai"]
[Result "1/2-1/2"]
[WhiteElo "2150"]
[BlackElo "2365"]
[PlyCount "112"]
[EventDate "1995.10.??"]
[EventType "team"]
[EventRounds "15"]
[EventCountry "GER"]
[SourceTitle "Bundesliga 9596"]
[Source "DeepChess"]
[SourceDate "2005.01.01"]
[SourceVersion "1"]
[SourceVersionDate "2005.01.01"]
[SourceQuality "1"]
[WhiteTeam "SC 1868 Bamberg e.V."]
[BlackTeam "Delmenhorster SK 1931"]
[WhiteTeamCountry "GER"]
[BlackTeamCountry "GER"]

1. e4 c5 2. c3 d5 3. exd5 Qxd5 4. d4 Nc6 5. Nf3 cxd4 6. cxd4 e5 7. Nc3 Bb4 8.
Bd2 Bxc3 9. Bxc3 e4 10. Ne5 Nxe5 11. dxe5 Ne7 12. Qc2 O-O 13. Rd1 Qxa2 14. Qxe4
Bf5 15. Qc4 Qxc4 16. Bxc4 Rac8 17. Bb3 Rfd8 18. Rd6 Be4 19. O-O Bd5 20. Bc2 Be6
21. Be4 Rxd6 22. exd6 Nd5 23. Bxd5 Bxd5 24. Ra1 a6 25. Ba5 Be6 26. f4 Rc5 27.
Bc7 Rd5 28. Re1 Kf8 29. Re2 Ke8 30. Kf2 Kd7 31. Re3 Rd2+ 32. Re2 Rd4 33. g3 g6
34. Rc2 Bf5 35. Re2 Be4 36. Ke3 Rb4 37. g4 f5 38. gxf5 gxf5 39. Rf2 Ke6 40. Rd2
Rb3+ 41. Kf2 Rf3+ 42. Ke1 Kd7 43. Rf2 Rb3 44. Kd1 h5 45. Bb8 a5 46. Kc1 b5 47.
Rf1 Rd3 48. Rg1 a4 49. Rg7+ Kc8 50. Bc7 b4 51. Ba5 Rxd6 52. Bxb4 Rc6+ 53. Bc3
a3 54. Ra7 Rg6 55. bxa3 Rg2 56. Bf6 Rxh2 1/2-1/2

[Event "Bundesliga 9596"]
[Site "Deutschland"]
[Date "1996.??.??"]
[Round "?.2"]
[White "Jussupow, Artur"]
[Black "Stohl, Igor"]
[Result "1/2-1/2"]
[WhiteElo "2655"]
[BlackElo "2515"]
[PlyCount "130"]
[EventDate "1995.10.??"]
[EventType "team"]
[EventRounds "15"]
[EventCountry "GER"]
[SourceTitle "Bundesliga 9596"]
[Source "DeepChess"]
[SourceDate "2005.01.01"]
[SourceVersion "1"]
[SourceVersionDate "2005.01.01"]
[SourceQuality "1"]
[WhiteTeam "SG 1868 Aljech. Solingen"]
[BlackTeam "Delmenhorster SK 1931"]
[WhiteTeamCountry "GER"]
[BlackTeamCountry "GER"]

1. d4 Nf6 2. c4 g6 3. Nf3 Bg7 4. g3 d5 5. cxd5 Nxd5 6. Bg2 Nb6 7. Nc3 Nc6 8. e3
O-O 9. O-O Re8 10. d5 Na5 11. Nd4 Bd7 12. Nb3 Nxb3 13. axb3 c6 14. dxc6 Bxc6
15. e4 Qxd1 16. Rxd1 Rad8 17. Be3 Nc8 18. f3 a6 19. Kf2 Nd6 20. Bf1 Nb5 21.
Bxb5 axb5 22. Bb6 Rxd1 23. Rxd1 Bxc3 24. bxc3 Ra8 25. Bc5 Kf8 26. g4 f6 27. h4
Ke8 28. Ke3 h6 29. g5 Kf7 30. Kf4 hxg5+ 31. hxg5 Rh8 32. Kg3 Rh5 33. Be3 Rh8
34. Rd2 Ke6 35. gxf6 exf6 36. Bc5 Re8 37. Rd6+ Kf7 38. b4 Re5 39. Rd2 Re8 40.
Rh2 g5 41. Rh7+ Kg6 42. Rc7 f5 43. exf5+ Kxf5 44. Rg7 Re6 45. Bd4 Bd5 46. Rf7+
Kg6 47. Rf8 Rd6 48. Re8 Bf7 49. Re7 Bd5 50. f4 gxf4+ 51. Kxf4 Bc6 52. Rg7+ Kh6
53. Rg3 Rd5 54. Bg7+ Kh7 55. Be5 Bd7 56. Rg7+ Kh6 57. Rg8 Rd1 58. Bd4 Rf1+ 59.
Ke5 Bc6 60. Ke6 Re1+ 61. Kd6 Re8 62. Rg1 Kh7 63. Rg5 Rg8 64. Rc5 Rg4 65. Kc7
Kg6 1/2-1/2

[Event "Bundesliga 9596"]
[Site "Deutschland"]
[Date "1996.??.??"]
[Round "?.3"]
[White "Beckemeier, Werner"]
[Black "Gabriel, Christian"]
[Result "0-1"]
[WhiteElo "2375"]
[BlackElo "2510"]
[PlyCount "114"]
[EventDate "1995.10.??"]
[EventType "team"]
[EventRounds "15"]
[EventCountry "GER"]
[SourceTitle "Bundesliga 9596"]
[Source "DeepChess"]
[SourceDate "2005.01.01"]
[SourceVersion "1"]
[SourceVersionDate "2005.01.01"]
[SourceQuality "1"]
[WhiteTeam "Delmenhorster SK 1931"]
[BlackTeam "SG 1868 Aljech. Solingen"]
[WhiteTeamCountry "GER"]
[BlackTeamCountry "GER"]

1. e4 e5 2. Nf3 Nc6 3. Bb5 a6 4. Ba4 Nf6 5. O-O Be7 6. Bxc6 dxc6 7. Qe2 Nd7 8.
b3 O-O 9. Bb2 Bf6 10. d3 Re8 11. Nbd2 b5 12. Qe3 Nf8 13. b4 a5 14. a4 axb4 15.
axb5 Rxa1 16. Rxa1 cxb5 17. Qc5 c6 18. Qxc6 Bd7 19. Qd6 Qe7 20. Qxe7 Rxe7 21.
Ra8 g6 22. Ne1 Re6 23. Ndf3 Kg7 24. d4 Bc6 25. Rc8 Bxe4 26. dxe5 Be7 27. Nd4
Rb6 28. Re8 Rb7 29. f3 Bd5 30. Nd3 Ne6 31. Kf2 Bc4 32. Ke3 Rd7 33. Rc8 b3 34.
c3 Bxd3 35. Kxd3 Nc5+ 36. Kd2 b4 37. Ra8 Ne6 38. Kc1 Rc7 39. Nxe6+ fxe6 40. Kd2
Rd7+ 41. Ke3 Bg5+ 42. f4 Bxf4+ 43. Kxf4 Rd2 44. cxb4 Rxb2 45. Ra3 Rxg2 46. Rxb3
g5+ 47. Ke4 Rxh2 48. Kd4 Rd2+ 49. Kc5 h5 50. b5 Kg6 51. b6 Rd8 52. b7 Rb8 53.
Kd6 h4 54. Kxe6 g4 55. Kd7 g3 56. Rb2 h3 57. Rb3 g2 0-1

[Event "Bundesliga 9596"]
[Site "Deutschland"]
[Date "1996.??.??"]
[Round "?.4"]
[White "Chandler, Murray G"]
[Black "Hermann, Manfred"]
[Result "1-0"]
[WhiteElo "2535"]
[BlackElo "2385"]
[PlyCount "97"]
[EventDate "1995.10.??"]
[EventType "team"]
[EventRounds "15"]
[EventCountry "GER"]
[SourceTitle "Bundesliga 9596"]
[Source "DeepChess"]
[SourceDate "2005.01.01"]
[SourceVersion "1"]
[SourceVersionDate "2005.01.01"]
[SourceQuality "1"]
[WhiteTeam "SG 1868 Aljech. Solingen"]
[BlackTeam "Delmenhorster SK 1931"]
[WhiteTeamCountry "GER"]
[BlackTeamCountry "GER"]

1. e4 e5 2. Nf3 Nc6 3. Bb5 f5 4. Nc3 Nd4 5. exf5 Nf6 6. Nxe5 c6 7. Bd3 d5 8.
O-O Bd6 9. Nf3 Nxf5 10. Bxf5 Bxf5 11. Re1+ Be7 12. Qe2 Bg4 13. d4 Bxf3 14. Qxf3
O-O 15. Bf4 Bb4 16. Re2 Qd7 17. Be5 Ne4 18. Qd3 Bxc3 19. bxc3 b5 20. Rae1 Rae8
21. h4 a5 22. f3 Nf6 23. Qd2 Qf7 24. Qg5 h6 25. Qg3 Kh7 26. Bxf6 Rxe2 27. Rxe2
Qxf6 28. Qg4 Qf4 29. Qxf4 Rxf4 30. h5 b4 31. Re3 bxc3 32. Rd3 Kg8 33. g3 Rf8
34. Rxc3 Rb8 35. Kf2 Rb2 36. a3 Rb6 37. Rb3 Ra6 38. Rb7 a4 39. g4 Ra8 40. Rc7
Ra6 41. Ke3 Rb6 42. Kf4 Rb1 43. Rxc6 Ra1 44. Rc3 Re1 45. Kf5 Kf7 46. Rc7+ Kf8
47. f4 Re4 48. c3 Re1 49. g5 1-0

[Event "Bundesliga 9596"]
[Site "Deutschland"]
[Date "1996.??.??"]
[Round "?.5"]
[White "Reefschlaeger, Helmut"]
[Black "Bischoff, Klaus"]
[Result "0-1"]
[WhiteElo "2350"]
[BlackElo "2520"]
[PlyCount "88"]
[EventDate "1995.10.??"]
[EventType "team"]
[EventRounds "15"]
[EventCountry "GER"]
[SourceTitle "Bundesliga 9596"]
[Source "DeepChess"]
[SourceDate "2005.01.01"]
[SourceVersion "1"]
[SourceVersionDate "2005.01.01"]
[SourceQuality "1"]
[WhiteTeam "Delmenhorster SK 1931"]
[BlackTeam "SG 1868 Aljech. Solingen"]
[WhiteTeamCountry "GER"]
[BlackTeamCountry "GER"]

1. d4 Nf6 2. g3 c5 3. c3 e6 4. Bg2 cxd4 5. cxd4 d5 6. Nf3 Nc6 7. O-O Be7 8. Nc3
O-O 9. b3 b6 10. Bb2 Ba6 11. Re1 Rc8 12. e3 Bb4 13. a3 Bxc3 14. Bxc3 Ne4 15.
Bb2 Na5 16. Bf1 Bxf1 17. Rxf1 f6 18. Qd3 Rf7 19. Rfc1 Rfc7 20. Rxc7 Rxc7 21.
Ne1 Qc8 22. Kg2 f5 23. f3 Nf6 24. Rd1 g5 25. Rd2 g4 26. f4 Ne4 27. Rc2 Rxc2+
28. Nxc2 h5 29. Nb4 h4 30. gxh4 Qd8 31. Qa6 Qxh4 32. Qc8+ Kf7 33. Qd7+ Qe7 34.
Qc8 Kg7 35. Nc6 Nxc6 36. Qxc6 Kf7 37. Qc8 Qe8 38. Qc7+ Kg6 39. Kg1 Qb5 40. Qc8
Nf6 41. Qc2 Qd7 42. Bc1 Qh7 43. a4 Qh3 44. Qc8 Qf3 0-1

[Event "Bundesliga 9596"]
[Site "Deutschland"]
[Date "1996.??.??"]
[Round "?.6"]
[White "Lau, Ralf"]
[Black "Borik, Otto"]
[Result "1/2-1/2"]
[WhiteElo "2495"]
[BlackElo "2400"]
[PlyCount "61"]
[EventDate "1995.10.??"]
[EventType "team"]
[EventRounds "15"]
[EventCountry "GER"]
[SourceTitle "Bundesliga 9596"]
[Source "DeepChess"]
[SourceDate "2005.01.01"]
[SourceVersion "1"]
[SourceVersionDate "2005.01.01"]
[SourceQuality "1"]
[WhiteTeam "SG 1868 Aljech. Solingen"]
[BlackTeam "Delmenhorster SK 1931"]
[WhiteTeamCountry "GER"]
[BlackTeamCountry "GER"]

1. e4 c6 2. d4 d5 3. e5 Bf5 4. Nf3 e6 5. Be2 Nd7 6. O-O Ne7 7. Nh4 Bg6 8. Nd2
c5 9. c3 cxd4 10. cxd4 Nc6 11. Nxg6 hxg6 12. Nf3 Qb6 13. g3 Be7 14. Kg2 O-O-O
15. a3 f6 16. exf6 gxf6 17. b4 Kb8 18. Be3 g5 19. Rh1 Rdg8 20. h4 gxh4 21. Rxh4
Rxh4 22. Nxh4 f5 23. Nf3 Bd6 24. Qd2 Nf6 25. Bf4 Qc7 26. Bxd6 Qxd6 27. Kf1 Ne4
28. Qe3 Rh8 29. Kg2 Rg8 30. Kf1 Rh8 31. Kg2 1/2-1/2

[Event "Bundesliga 9596"]
[Site "Deutschland"]
[Date "1996.??.??"]
[Round "?.8"]
[White "Reeh, Oliver"]
[Black "Wesseln, Kai"]
[Result "0-1"]
[WhiteElo "2450"]
[BlackElo "2355"]
[PlyCount "114"]
[EventDate "1995.10.??"]
[EventType "team"]
[EventRounds "15"]
[EventCountry "GER"]
[SourceTitle "Bundesliga 9596"]
[Source "DeepChess"]
[SourceDate "2005.01.01"]
[SourceVersion "1"]
[SourceVersionDate "2005.01.01"]
[SourceQuality "1"]
[WhiteTeam "SG 1868 Aljech. Solingen"]
[BlackTeam "Delmenhorster SK 1931"]
[WhiteTeamCountry "GER"]
[BlackTeamCountry "GER"]

1. d4 Nf6 2. c4 c5 3. d5 e6 4. Nc3 exd5 5. cxd5 d6 6. Nf3 g6 7. e4 a6 8. a4 Bg4
9. Be2 Bg7 10. O-O O-O 11. Bf4 Bxf3 12. Bxf3 Qe7 13. a5 Nbd7 14. Qc2 Ne5 15.
Be2 Nfd7 16. Be3 f5 17. exf5 gxf5 18. Qd2 Ng6 19. Bh6 Rae8 20. Rae1 Nde5 21.
Bxg7 Qxg7 22. f4 Nd7 23. g3 Re7 24. Bc4 Rfe8 25. Re6 b5 26. axb6 Nxb6 27. Rxe7
Rxe7 28. Bxa6 h5 29. Re1 Qd4+ 30. Qxd4 Rxe1+ 31. Kf2 cxd4 32. Kxe1 dxc3 33.
bxc3 Kg7 34. c4 Kf6 35. Bb5 h4 36. Kf2 hxg3+ 37. hxg3 Nf8 38. Ke3 Nbd7 39. Ba4
Nc5 40. Bc2 Ng6 41. Bd1 Ne7 42. Bc2 Ng8 43. Bd1 Nh6 44. Bc2 Ng4+ 45. Kf3 Kg6
46. Bb1 Nf6 47. Bc2 Nce4 48. Bd3 Kf7 49. Kg2 Nh5 50. Bxe4 fxe4 51. Kf2 Kf6 52.
Ke3 Nxg3 53. Kd4 Kf5 54. c5 dxc5+ 55. Kxc5 e3 56. d6 Ne4+ 57. Kd4 e2 0-1

[Event "Bundesliga 9596"]
[Site "Deutschland"]
[Date "1996.??.??"]
[Round "?.1"]
[White "Rogers, Ian"]
[Black "Glek, Igor V"]
[Result "1/2-1/2"]
[WhiteElo "2580"]
[BlackElo "2635"]
[PlyCount "41"]
[EventDate "1995.10.??"]
[EventType "team"]
[EventRounds "15"]
[EventCountry "GER"]
[SourceTitle "Bundesliga 9596"]
[Source "DeepChess"]
[SourceDate "2005.01.01"]
[SourceVersion "1"]
[SourceVersionDate "2005.01.01"]
[SourceQuality "1"]
[WhiteTeam "Delmenhorster SK 1931"]
[BlackTeam "SG Bochum 31"]
[WhiteTeamCountry "GER"]
[BlackTeamCountry "GER"]

1. e4 e6 2. d4 d5 3. Nc3 Nf6 4. e5 Nfd7 5. Nf3 c5 6. dxc5 Nc6 7. Bf4 Bxc5 8.
Bd3 f6 9. exf6 Nxf6 10. O-O O-O 11. Ne5 Bd7 12. Qe2 Qe7 13. Rae1 Rae8 14. Kh1
a6 15. a3 Bd4 16. Nd1 Nxe5 17. Bxe5 Bxe5 18. Qxe5 Ng4 19. Qh5 Nf6 20. Qe5 Ng4
21. Qh5 1/2-1/2

[Event "Bundesliga 9596"]
[Site "Deutschland"]
[Date "1996.??.??"]
[Round "?.2"]
[White "Piskov, Yury"]
[Black "Stohl, Igor"]
[Result "1/2-1/2"]
[WhiteElo "2520"]
[BlackElo "2515"]
[PlyCount "32"]
[EventDate "1995.10.??"]
[EventType "team"]
[EventRounds "15"]
[EventCountry "GER"]
[SourceTitle "Bundesliga 9596"]
[Source "DeepChess"]
[SourceDate "2005.01.01"]
[SourceVersion "1"]
[SourceVersionDate "2005.01.01"]
[SourceQuality "1"]
[WhiteTeam "SG Bochum 31"]
[BlackTeam "Delmenhorster SK 1931"]
[WhiteTeamCountry "GER"]
[BlackTeamCountry "GER"]

1. e4 c5 2. Nf3 d6 3. c3 Nf6 4. Be2 Nbd7 5. Qc2 Qc7 6. d3 g6 7. O-O Bg7 8. a3
O-O 9. c4 Ng4 10. Nbd2 Nge5 11. Rb1 Rb8 12. b4 cxb4 13. axb4 b5 14. Qa2 Nxf3+
15. Nxf3 bxc4 16. dxc4 a5 1/2-1/2

[Event "Bundesliga 9596"]
[Site "Deutschland"]
[Date "1996.??.??"]
[Round "?.3"]
[White "Beckemeier, Werner"]
[Black "Schmittdiel, Eckhard"]
[Result "1/2-1/2"]
[WhiteElo "2375"]
[BlackElo "2430"]
[PlyCount "79"]
[EventDate "1995.10.??"]
[EventType "team"]
[EventRounds "15"]
[EventCountry "GER"]
[SourceTitle "Bundesliga 9596"]
[Source "DeepChess"]
[SourceDate "2005.01.01"]
[SourceVersion "1"]
[SourceVersionDate "2005.01.01"]
[SourceQuality "1"]
[WhiteTeam "Delmenhorster SK 1931"]
[BlackTeam "SG Bochum 31"]
[WhiteTeamCountry "GER"]
[BlackTeamCountry "GER"]

1. Nf3 Nf6 2. g3 d5 3. Bg2 g6 4. O-O Bg7 5. c4 c6 6. cxd5 cxd5 7. d4 Nc6 8. Nc3
Ne4 9. e3 O-O 10. Nd2 f5 11. f3 Nf6 12. Nb3 b6 13. Bd2 Ba6 14. Rf2 Rc8 15. Be1
e5 16. dxe5 Nxe5 17. Nd4 Qe8 18. Qa4 Qxa4 19. Nxa4 Rfe8 20. Bd2 Nc4 21. Bf1 Bh6
22. Re1 b5 23. Bxc4 dxc4 24. Nc3 b4 25. Ncb5 Bxb5 26. Nxb5 Rc5 27. Nd6 Re6 28.
Bxb4 Rc6 29. e4 Bf8 30. e5 Ne8 31. Rfe2 Nxd6 32. exd6 Rxe2 33. Rxe2 Bxd6 34.
Bxd6 Rxd6 35. Rc2 Rd4 36. Kf2 f4 37. gxf4 Rxf4 38. Ke3 g5 39. Rd2 Rh4 40. Rd4
1/2-1/2

[Event "Bundesliga 9596"]
[Site "Deutschland"]
[Date "1996.??.??"]
[Round "?.4"]
[White "Backwinkel, Paul"]
[Black "Hermann, Manfred"]
[Result "1-0"]
[WhiteElo "2410"]
[BlackElo "2385"]
[PlyCount "63"]
[EventDate "1995.10.??"]
[EventType "team"]
[EventRounds "15"]
[EventCountry "GER"]
[SourceTitle "Bundesliga 9596"]
[Source "DeepChess"]
[SourceDate "2005.01.01"]
[SourceVersion "1"]
[SourceVersionDate "2005.01.01"]
[SourceQuality "1"]
[WhiteTeam "SG Bochum 31"]
[BlackTeam "Delmenhorster SK 1931"]
[WhiteTeamCountry "GER"]
[BlackTeamCountry "GER"]

1. Nf3 Nf6 2. g3 d5 3. Bg2 c6 4. O-O Bg4 5. d3 Nbd7 6. Nbd2 e5 7. h3 Bh5 8. Nh4
Bg6 9. c4 Be7 10. Nxg6 hxg6 11. b3 a5 12. a3 Bc5 13. Bb2 Qe7 14. e3 Bd6 15. Qc2
g5 16. cxd5 cxd5 17. e4 dxe4 18. dxe4 g4 19. h4 g5 20. hxg5 Nh7 21. Nc4 Nxg5
22. Qd1 Bc5 23. Qxg4 f6 24. Rfd1 b5 25. Nd2 Bb6 26. Rac1 Nc5 27. Nf1 Nge6 28.
Ne3 Kf7 29. Nd5 Qa7 30. Nxb6 Nxb3 31. Rc6 Rae8 32. Rdd6 1-0

[Event "Bundesliga 9596"]
[Site "Deutschland"]
[Date "1996.??.??"]
[Round "?.5"]
[White "Borik, Otto"]
[Black "Sonntag, Hans Hubert"]
[Result "1-0"]
[WhiteElo "2400"]
[BlackElo "2405"]
[PlyCount "49"]
[EventDate "1995.10.??"]
[EventType "team"]
[EventRounds "15"]
[EventCountry "GER"]
[SourceTitle "Bundesliga 9596"]
[Source "DeepChess"]
[SourceDate "2005.01.01"]
[SourceVersion "1"]
[SourceVersionDate "2005.01.01"]
[SourceQuality "1"]
[WhiteTeam "Delmenhorster SK 1931"]
[BlackTeam "SG Bochum 31"]
[WhiteTeamCountry "GER"]
[BlackTeamCountry "GER"]

1. Nf3 Nf6 2. g3 d5 3. Bg2 e6 4. O-O Be7 5. d3 O-O 6. Nbd2 c5 7. e4 Nc6 8. Re1
b5 9. e5 Ne8 10. Nf1 f5 11. exf6 gxf6 12. Bh6 Rf7 13. c4 Nc7 14. cxd5 Nxd5 15.
a3 Rb8 16. Rc1 e5 17. N1d2 Be6 18. Nh4 Rc8 19. f4 Nb6 20. f5 Bd7 21. Qg4+ Kh8
22. Qh5 Be8 23. Ng6+ hxg6 24. fxg6 Rh7 25. Bg7+ 1-0